[Event "ONJK 2018 A"]
[Site "Borne, Netherlands"]
[Date "2018.08.08"]
[Round "5.12"]
[White "Verheyen, Olivier"]
[Black "Van Doren, Bas"]
[Result "1/2-1/2"]
[WhiteElo "2010"]
[BlackElo "1875"]
[PlyCount "88"]
[EventDate "2018.??.??"]

1. e4 c5 2. Nf3 e6 3. d4 cxd4 4. Nxd4 a6 5. c4 Nf6 6. Nc3 Qc7 7. a3 d6 8. Be3
Nbd7 9. Be2 b6 10. f3 Be7 11. O-O Bb7 12. Qd2 h5 13. Bf2 O-O 14. Rac1 Rac8 15.
b4 Qb8 16. Nb3 Bd8 17. Rfd1 Bc7 18. Bg3 d5 19. Bxc7 Rxc7 20. cxd5 exd5 21. exd5
Ne5 22. Qg5 Re8 23. Ne4 Ng6 24. Nxf6+ gxf6 25. Qg3 Re5 26. Rxc7 Qxc7 27. d6 Qd7
28. Qf2 Rg5 29. Kh1 Nf4 30. Bf1 Nd5 31. h4 Rg6 32. Bxa6 Bxa6 33. Rxd5 Bc4 34.
Rxh5 Bxb3 35. Qxb6 Kg7 36. Qb8 Rh6 37. Rxh6 Kxh6 38. Qh8+ Kg6 39. Qg8+ Kh6 40.
g4 Qxd6 41. Qh8+ Kg6 42. Qg8+ Kh6 43. Qh8+ Kg6 44. Qg8+ Kh6 1/2-1/2

[Event "ONJK 2018 A"]
[Site "Borne, Netherlands"]
[Date "2018.08.09"]
[Round "6.2"]
[White "Maerevoet, Sim"]
[Black "Van Malder, Dries"]
[Result "1-0"]
[WhiteElo "2114"]
[BlackElo "2126"]
[PlyCount "119"]
[EventDate "2018.??.??"]

1. c4 e5 2. g3 Nf6 3. Bg2 c6 4. d3 d5 5. Nf3 Bd6 6. O-O O-O 7. Bg5 dxc4 8. dxc4
h6 9. Bxf6 Qxf6 10. Nbd2 Rd8 11. Qc2 Bf5 12. e4 Be6 13. c5 Bc7 14. b4 Nd7 15.
Rfd1 Bg4 16. h3 Bxf3 17. Bxf3 Nf8 18. Bg4 g6 19. h4 h5 20. Bh3 Ne6 21. Bxe6
Qxe6 22. Nb3 Rxd1+ 23. Rxd1 Rd8 24. Rxd8+ Bxd8 25. Qd3 Bc7 26. Kg2 Kg7 27. a4
a6 28. Nd2 f6 29. Nc4 Kf7 30. f3 Ke7 31. a5 Qd7 32. Qxd7+ Kxd7 33. g4 Ke6 34.
gxh5 gxh5 35. Ne3 Kf7 36. Nf5 Bb8 37. Kf2 Bc7 38. Ke2 Bb8 39. Kd3 Bc7 40. Kc4
Bb8 41. Nd6+ Ke6 42. Nxb7 Kd7 43. b5 cxb5+ 44. Kd5 Ba7 45. Nd6 b4 46. c6+ Kd8
47. Kc4 Kc7 48. Ne8+ Kxc6 49. Nxf6 Bf2 50. Nxh5 Bxh4 51. Kxb4 Be1+ 52. Ka4 Kc5
53. Nf6 Kd4 54. Nd5 Kd3 55. Nc7 Ke3 56. Nxa6 Kxf3 57. Nc5 Bf2 58. Kb5 Bxc5 59.
Kxc5 Kxe4 60. a6 1-0

[Event "ONJK 2018 A"]
[Site "Borne, Netherlands"]
[Date "2018.08.09"]
[Round "6.3"]
[White "Hilwerda, Jonas"]
[Black "Bosma, Jan"]
[Result "1/2-1/2"]
[WhiteElo "2124"]
[BlackElo "1699"]
[PlyCount "133"]
[EventDate "2018.??.??"]

1. d4 d5 2. c4 c6 3. Nc3 Nf6 4. Nf3 dxc4 5. a4 Bf5 6. e3 Nbd7 7. Bxc4 e6 8. Qe2
Bb4 9. O-O Bg6 10. h3 O-O 11. Nh4 Qe7 12. Nxg6 hxg6 13. f4 c5 14. Na2 a5 15.
Nxb4 axb4 16. b3 b6 17. Bb2 Ne4 18. Qc2 Ndf6 19. Rad1 Rfd8 20. dxc5 Nxc5 21.
Rd4 Rxd4 22. Bxd4 Rd8 23. Qb2 Rc8 24. Ra1 Rd8 25. Rc1 Nfe4 26. Qc2 g5 27. Bxc5
Nxc5 28. Rd1 gxf4 29. exf4 Qc7 30. Rd2 Rxd2 31. Qxd2 Nxa4 32. Qxb4 Nc5 33. Be2
Qd6 34. Qc4 g6 35. b4 Nd7 36. Qd3 Qc7 37. Qd4 e5 38. fxe5 Qxe5 39. Qd3 Nf6 40.
Qd8+ Kg7 41. Qd2 Qa1+ 42. Kh2 Qe5+ 43. Kg1 Nd5 44. Bf3 Qa1+ 45. Kf2 Nf6 46. b5
Qe5 47. Qd3 Qc5+ 48. Ke2 Qe5+ 49. Kf2 Qc5+ 50. Ke2 Qe5+ 51. Kf1 Qa1+ 52. Kf2
Qb2+ 53. Kg1 Qe5 54. Qc4 Qe1+ 55. Kh2 Qe5+ 56. g3 Qb2+ 57. Bg2 Qe5 58. Bf3 Qb2+
59. Qe2 Qd4 60. h4 Nd5 61. Bxd5 Qxd5 62. Kg1 g5 63. Kh2 Kg6 64. Qe8 Qd2+ 65.
Kh3 g4+ 66. Kxg4 Qd1+ 67. Kh3 1/2-1/2

[Event "ONJK 2018 A"]
[Site "Borne, Netherlands"]
[Date "2018.08.09"]
[Round "6.4"]
[White "Lahouel, Kim-Luca"]
[Black "Jongste, David"]
[Result "0-1"]
[WhiteElo "1894"]
[BlackElo "2109"]
[PlyCount "90"]
[EventDate "2018.??.??"]

1. e4 c5 2. c3 Nf6 3. e5 Nd5 4. d4 cxd4 5. Nf3 e6 6. cxd4 d6 7. Bc4 Be7 8. O-O
O-O 9. Qe2 b6 10. Bd2 a5 11. exd6 Qxd6 12. Qe4 Ba6 13. Na3 Bxc4 14. Nxc4 Qd8
15. Nce5 Nd7 16. Rac1 N7f6 17. Qh4 Re8 18. Ng5 Rf8 19. Rc2 h6 20. Ngf3 Ne8 21.
Qg3 Nd6 22. Nc6 Qe8 23. Nfe5 Ne4 24. Qd3 Nxd2 25. Qxd2 Bd6 26. g3 Rc8 27. Rfc1
f6 28. Nd3 Qd7 29. a3 Rc7 30. b4 Rfc8 31. b5 Bxa3 32. Ra1 Bf8 33. Qe2 Re8 34.
f4 Ne7 35. Nxe7+ Rxe7 36. Ra4 Rxc2 37. Qxc2 Qxb5 38. Rc4 Rd7 39. Ne1 Qd5 40.
Ng2 b5 41. Ne3 Qd6 42. Rc6 Qxd4 43. Rxe6 Bc5 44. Qa2 Qd1+ 45. Kg2 Rd2+ 0-1

[Event "ONJK 2018 A"]
[Site "Borne, Netherlands"]
[Date "2018.08.09"]
[Round "6.5"]
[White "Roebers, Eline"]
[Black "Pauwels, Xander"]
[Result "1/2-1/2"]
[WhiteElo "1857"]
[BlackElo "2095"]
[PlyCount "50"]
[EventDate "2018.??.??"]

1. e4 c5 2. Nf3 d6 3. c3 e5 4. Bd3 Nf6 5. O-O Be7 6. Bc2 O-O 7. d3 Nbd7 8. a4
b6 9. Be3 Bb7 10. Nbd2 Re8 11. Re1 Ng4 12. h3 Nxe3 13. fxe3 Bf8 14. d4 Rc8 15.
Rc1 a6 16. Qe2 g6 17. Bb3 Bg7 18. Qf2 Rf8 19. Rcd1 b5 20. c4 b4 21. Bc2 Qe7 22.
d5 Rce8 23. g4 Kh8 24. Nf1 Nb6 25. b3 a5 1/2-1/2

[Event "ONJK 2018 A"]
[Site "Borne, Netherlands"]
[Date "2018.08.09"]
[Round "6.6"]
[White "Ortmeier, Leonhard"]
[Black "Muntean, Victor"]
[Result "1-0"]
[WhiteElo "2080"]
[BlackElo "1929"]
[PlyCount "145"]
[EventDate "2018.??.??"]

1. e4 e5 2. Nf3 Nc6 3. Bc4 Be7 4. d4 exd4 5. Nxd4 Nf6 6. Nc3 O-O 7. O-O d6 8.
Nxc6 bxc6 9. Qe2 Be6 10. Bxe6 fxe6 11. f4 Qd7 12. b3 d5 13. e5 Bc5+ 14. Kh1 Ne8
15. Na4 Be7 16. Be3 Kh8 17. Rad1 g6 18. Rf3 Ng7 19. Qf2 a6 20. Rf1 Nf5 21. Bc5
Bh4 22. g3 Be7 23. Bxe7 Qxe7 24. Qc5 Qd7 25. Rc3 Ne7 26. Kg2 d4 27. Rd3 Nf5 28.
Rfd1 Rad8 29. g4 Nh4+ 30. Kg3 g5 31. fxg5 Qf7 32. Kxh4 Qf2+ 33. Rg3 Qxh2+ 34.
Rh3 Qf2+ 35. Kh5 Qf7+ 36. Kh4 Rd5 37. Qb4 Qg7 38. Rxd4 Rxe5 39. Qd2 h6 40. Kg3
Rxg5 41. Qe3 Rg8 42. Qxe6 Rg6 43. Qe4 Rxg4+ 44. Qxg4 Qe5+ 45. Kf2 Rxg4 46. Rxg4
Qf5+ 47. Kg3 Qe5+ 48. Rf4 Qe3+ 49. Rf3 Qg5+ 50. Kh2 Qd2+ 51. Kg1 Qd1+ 52. Kg2
Qe2+ 53. Rf2 Qg4+ 54. Rg3 Qe4+ 55. Rgf3 h5 56. Kf1 h4 57. Rh3 Qg4 58. Rff3 Qd4
59. Ke2 Qe4+ 60. Kd2 Qd4+ 61. Rd3 Qf4+ 62. Rhe3 Qf2+ 63. Kc1 Qg1+ 64. Kb2 Qg7+
65. Nc3 Kh7 66. Re4 Qg5 67. Rdd4 Qa5 68. Rxh4+ Kg6 69. Rhf4 Qe5 70. Rg4+ Kh5
71. Rde4 Qc5 72. Rg2 Kh6 73. Rh4+ 1-0

[Event "ONJK 2018 A"]
[Site "Borne, Netherlands"]
[Date "2018.08.09"]
[Round "6.7"]
[White "De Vries, Tobias"]
[Black "Duson, Robin"]
[Result "0-1"]
[WhiteElo "1775"]
[BlackElo "2022"]
[PlyCount "140"]
[EventDate "2018.??.??"]

1. e4 c5 2. Nc3 Nc6 3. g3 g6 4. Bg2 Bg7 5. d3 e6 6. Nge2 Nge7 7. Be3 d6 8. Qd2
Nd4 9. O-O O-O 10. f4 Rb8 11. a4 a6 12. g4 f5 13. gxf5 exf5 14. Bxd4 cxd4 15.
Na2 Be6 16. c4 b5 17. cxb5 axb5 18. a5 Qc7 19. Nb4 Qa7 20. Kh1 Rbc8 21. Ra3 Rc5
22. Nc2 b4 23. Nxb4 Rxa5 24. Rfa1 Rxa3 25. Rxa3 Qc5 26. Na6 Qb6 27. b4 Rc8 28.
Ng3 Rc3 29. Ra1 Bb3 30. exf5 Nxf5 31. Nxf5 gxf5 32. Qe2 Bf7 33. h3 Qb5 34. Qe7
Qe8 35. Qxd6 Qe3 36. Nc7 Bf8 37. Qd8 Rc1+ 38. Rxc1 Qxc1+ 39. Kh2 Qxf4+ 40. Kh1
Qd6 41. Qxd6 Bxd6 42. Na6 Be8 43. Bd5+ Kf8 44. Bc4 Bc6+ 45. Kg1 Ke7 46. Kf2 Kf6
47. Nc5 Bxc5 48. bxc5 f4 49. Ba6 Ke5 50. Bc4 Bd7 51. Kg2 Bf5 52. Bb5 Be6 53. c6
Kd6 54. Kf3 Bxh3 55. Kxf4 Bg2 56. c7 Kxc7 57. Kg5 Kd6 58. Kh6 Kc5 59. Bc4 Kb4
60. Kxh7 Kc3 61. Kg6 Bf1 62. Kf6 Bxd3 63. Bf7 Bc2 64. Bh5 d3 65. Bg4 d2 66. Ke5
Kb2 67. Kf6 Kc1 68. Ke5 Bd1 69. Bd7 Be2 70. Ba4 Bd3 0-1

[Event "ONJK 2018 A"]
[Site "Borne, Netherlands"]
[Date "2018.08.09"]
[Round "6.8"]
[White "Decruyenaere, Robbert"]
[Black "Van Roon, Sjoerd"]
[Result "0-1"]
[WhiteElo "1927"]
[BlackElo "2116"]
[PlyCount "122"]
[EventDate "2018.??.??"]

1. e4 d5 2. exd5 Qxd5 3. Nc3 Qa5 4. d4 Nf6 5. Bc4 Bf5 6. Bd2 c6 7. Nd5 Qd8 8.
Nxf6+ gxf6 9. Nf3 Rg8 10. c3 e6 11. Nh4 Bg4 12. Be2 f5 13. Nf3 Nd7 14. Bf4 Nf6
15. h3 Bh5 16. g4 fxg4 17. Ne5 Qd5 18. Rg1 Qe4 19. Be3 g3 20. Kd2 Bxe2 21. Qxe2
Bd6 22. Nd3 O-O-O 23. f4 h5 24. Qg2 Qf5 25. Rad1 Qa5 26. Kc2 h4 27. Kb1 Qf5 28.
Ka1 Nd5 29. Bc1 f6 30. Rgf1 Kb8 31. a3 Nb6 32. Rfe1 Rge8 33. Rf1 Nc4 34. Ka2
Qd5 35. Qxd5 exd5 36. Rde1 Kc7 37. b3 Nb6 38. Kb2 a5 39. a4 Nd7 40. Be3 b5 41.
Nc5 Rxe3 42. Rxe3 Nxc5 43. dxc5 Bxc5 44. Re2 Bf2 45. Rexf2 gxf2 46. Rxf2 bxa4
47. bxa4 Rg8 48. Rh2 Rg3 49. Kc2 Kd6 50. Rh1 Kc5 51. Kb3 d4 52. Kc2 Rxc3+ 53.
Kd2 Kd5 54. f5 c5 55. Rg1 Rxh3 56. Rg6 Ke5 57. Rh6 c4 58. Kc2 Rh2+ 59. Kd1 d3
60. Kc1 c3 61. Kd1 Rh1# 0-1

[Event "ONJK 2018 A"]
[Site "Borne, Netherlands"]
[Date "2018.08.09"]
[Round "6.9"]
[White "Baselmans, Luuk"]
[Black "Gijsen, William"]
[Result "0-1"]
[WhiteElo "2100"]
[BlackElo "1949"]
[PlyCount "108"]
[EventDate "2018.??.??"]

1. e4 c5 2. Nf3 e6 3. c3 d5 4. exd5 Qxd5 5. d4 Nc6 6. Be3 cxd4 7. cxd4 Nf6 8.
Nc3 Qa5 9. Bd3 Nd5 10. Bd2 Qd8 11. O-O Be7 12. Rc1 O-O 13. a3 Bf6 14. Be3 a6
15. Ne4 Be7 16. b4 g6 17. Re1 Re8 18. Bb1 Bf8 19. h4 Nxe3 20. fxe3 Bg7 21. h5
Ne7 22. h6 Bh8 23. Ne5 Nf5 24. Qf3 Nxh6 25. Rf1 f5 26. Nc5 Bxe5 27. dxe5 Rb8
28. Rfd1 Qe7 29. Rd6 Nf7 30. Rcd1 b6 31. Rd7 Bxd7 32. Nxd7 Rbd8 33. Nf6+ Kg7
34. Nxe8+ Qxe8 35. Ba2 Rxd1+ 36. Qxd1 Qc6 37. Qd4 h6 38. Qc4 Qxc4 39. Bxc4 a5
40. Bxe6 Nxe5 41. bxa5 bxa5 42. Kf2 Kf6 43. Bd5 Nd7 44. Ke2 Ke5 45. Bf7 g5 46.
Kd3 Nb6 47. g3 Nc8 48. Be8 Nd6 49. Bc6 h5 50. Bf3 g4 51. Bg2 Ne4 52. Kc4 Nxg3
53. Kb5 h4 54. Kxa5 h3 0-1

[Event "ONJK 2018 A"]
[Site "Borne, Netherlands"]
[Date "2018.08.09"]
[Round "6.10"]
[White "Dubbeldam, Lydia"]
[Black "Godde, Matthias"]
[Result "1/2-1/2"]
[WhiteElo "1833"]
[BlackElo "2020"]
[PlyCount "48"]
[EventDate "2018.??.??"]

1. e4 c5 2. Nf3 Nc6 3. d4 cxd4 4. Nxd4 Nf6 5. Nc3 e5 6. Ndb5 d6 7. Bg5 a6 8.
Na3 b5 9. Bxf6 gxf6 10. Nd5 f5 11. c3 Bg7 12. exf5 Bxf5 13. Nc2 O-O 14. Nce3
Be6 15. g3 Rc8 16. Bg2 f5 17. Qh5 Rf7 18. Bh3 Qa5 19. O-O Rcf8 20. Qd1 Kh8 21.
Qc2 Bh6 22. Rad1 Bc8 23. f4 b4 24. Qd2 bxc3 1/2-1/2

[Event "ONJK 2018 A"]
[Site "Borne, Netherlands"]
[Date "2018.08.09"]
[Round "6.11"]
[White "Weidema, Luuk"]
[Black "Verheyen, Olivier"]
[Result "0-1"]
[WhiteElo "1479"]
[BlackElo "2010"]
[PlyCount "78"]
[EventDate "2018.??.??"]

1. c4 Nf6 2. g3 g6 3. Bg2 Bg7 4. Nc3 O-O 5. e4 e5 6. Nge2 d6 7. d3 Nc6 8. O-O
Nd7 9. a3 Nc5 10. Be3 Ne6 11. b4 Ncd4 12. Rb1 f5 13. Bxd4 Nxd4 14. Nxd4 exd4
15. Ne2 c6 16. b5 Qc7 17. bxc6 bxc6 18. Qd2 fxe4 19. Bxe4 Bf5 20. Bg2 Rab8 21.
Qc2 Rfe8 22. Rxb8 Rxb8 23. Rb1 Re8 24. Rb2 Bg4 25. Be4 Qa5 26. Qd2 Qxa3 27. f3
Bd7 28. Rb7 Bc8 29. Rc7 c5 30. Qf4 Rf8 31. Qxd6 Qa1+ 32. Kf2 Bh3 33. Rxg7+ Kxg7
34. g4 Qf1+ 35. Kg3 Qxe2 36. Kxh3 Rxf3+ 37. Bxf3 Qxf3+ 38. Qg3 Qf1+ 39. Kh4 g5+
0-1

[Event "ONJK 2018 A"]
[Site "Borne, Netherlands"]
[Date "2018.08.09"]
[Round "6.12"]
[White "Warmerdam, Ivo"]
[Black "De Bock, Thijs"]
[Result "0-1"]
[WhiteElo "1817"]
[BlackElo "1959"]
[PlyCount "42"]
[EventDate "2018.??.??"]

1. e4 c5 2. Nf3 d6 3. d4 cxd4 4. Nxd4 Nf6 5. f3 g6 6. c4 Bg7 7. Nc3 O-O 8. Be3
Nc6 9. Be2 Nxd4 10. Bxd4 Be6 11. Qd2 Nd7 12. Bxg7 Kxg7 13. h4 h5 14. g4 hxg4
15. h5 gxf3 16. hxg6 Rh8 17. Rxh8 Qxh8 18. Bxf3 Qh4+ 19. Kd1 Ne5 20. Bg2 Nxc4
21. Qe2 Qg5 0-1

[Event "ONJK 2018 A"]
[Site "Borne, Netherlands"]
[Date "2018.08.10"]
[Round "7.1"]
[White "Maerevoet, Sim"]
[Black "Dauw, Sterre"]
[Result "1-0"]
[WhiteElo "2114"]
[BlackElo "2192"]
[PlyCount "109"]
[EventDate "2018.??.??"]

1. c4 Nf6 2. Nc3 c5 3. g3 d5 4. cxd5 Nxd5 5. Bg2 Nc7 6. Qa4+ Bd7 7. Qb3 Nc6 8.
Qxb7 Nd4 9. Qe4 Bf5 10. Qxf5 Nxf5 11. Bc6+ Qd7 12. Bxd7+ Kxd7 13. Nf3 f6 14. b3
e5 15. Ba3 Nd4 16. Nxd4 cxd4 17. Bxf8 Rhxf8 18. Na4 Ne6 19. d3 Rfc8 20. Kd2 Kd6
21. Rhc1 Nc5 22. Nxc5 Rxc5 23. Rxc5 Kxc5 24. Rc1+ Kb6 25. h4 h5 26. Rc4 a5 27.
e3 Rd8 28. a3 g6 29. exd4 exd4 30. Ke2 Rd5 31. Rc8 Re5+ 32. Kf1 g5 33. Rf8 gxh4
34. Rxf6+ Kc7 35. gxh4 Rb5 36. b4 axb4 37. axb4 Kd7 38. Ke2 Ke7 39. Rf4 Rxb4
40. Kf3 Ke6 41. Ke4 Ra4 42. Rf5 Ra2 43. Rxh5 Rxf2 44. Rh6+ Kf7 45. Kxd4 Rh2 46.
Ke5 Kg7 47. Rh5 Kg6 48. Rg5+ Kh6 49. Rg4 Kh5 50. Rg8 Re2+ 51. Kd5 Kxh4 52. d4
Kh5 53. Kc6 Rc2+ 54. Kd6 Rg2 55. Rxg2 1-0

[Event "ONJK 2018 A"]
[Site "Borne, Netherlands"]
[Date "2018.08.10"]
[Round "7.2"]
[White "Jongste, David"]
[Black "Ortmeier, Leonhard"]
[Result "0-1"]
[WhiteElo "2109"]
[BlackElo "2080"]
[PlyCount "60"]
[EventDate "2018.??.??"]

1. e4 c5 2. Nf3 d6 3. d4 cxd4 4. Nxd4 Nf6 5. Nc3 a6 6. g3 e5 7. Nde2 Nbd7 8.
Bg2 b5 9. O-O Bb7 10. Nd5 Nxd5 11. exd5 Be7 12. Be3 Qc7 13. b3 O-O 14. a4 Rfc8
15. c3 Nc5 16. axb5 axb5 17. Qc2 Bf6 18. Rfd1 g6 19. h4 Rcb8 20. h5 Bc8 21.
hxg6 hxg6 22. Be4 Kg7 23. Kg2 Nxe4 24. Qxe4 Qd7 25. Rac1 Qh3+ 26. Kg1 Bg4 27.
Rd2 Qh5 28. Kf1 Bf3 29. Qb4 Qh1+ 30. Ng1 Qg2+ 0-1

[Event "ONJK 2018 A"]
[Site "Borne, Netherlands"]
[Date "2018.08.10"]
[Round "7.4"]
[White "Gijsen, William"]
[Black "Hilwerda, Jonas"]
[Result "1/2-1/2"]
[WhiteElo "1949"]
[BlackElo "2124"]
[PlyCount "46"]
[EventDate "2018.??.??"]

1. d4 Nf6 2. c4 e6 3. Nc3 Bb4 4. Qc2 O-O 5. e4 d5 6. e5 Ne4 7. Bd3 c5 8. dxc5
Nd7 9. cxd5 exd5 10. Bxe4 dxe4 11. a3 Bxc3+ 12. Qxc3 Qe7 13. Ne2 Nxe5 14. O-O
Bf5 15. Bf4 Rfe8 16. Bxe5 Qxe5 17. Qxe5 Rxe5 18. b4 Be6 19. Nc3 Bc4 20. Rfe1
Rae8 21. Rad1 Bd3 22. g4 h5 23. h3 hxg4 1/2-1/2

[Event "ONJK 2018 A"]
[Site "Borne, Netherlands"]
[Date "2018.08.10"]
[Round "7.5"]
[White "Van Roon, Sjoerd"]
[Black "Pauwels, Xander"]
[Result "1-0"]
[WhiteElo "2116"]
[BlackElo "2095"]
[PlyCount "75"]
[EventDate "2018.??.??"]

1. e4 c5 2. Nf3 d6 3. d4 cxd4 4. Nxd4 Nf6 5. Nc3 a6 6. Bg5 e6 7. Qe2 Nbd7 8. f4
Be7 9. O-O-O Qc7 10. g4 h6 11. Bh4 b5 12. Bg2 Bb7 13. e5 dxe5 14. fxe5 Ng8 15.
Bxb7 Qxb7 16. Bg3 Nc5 17. Nb3 Nxb3+ 18. axb3 h5 19. Ne4 hxg4 20. Qxg4 Nh6 21.
Qxg7 Rg8 22. Qh7 Rg6 23. Rd4 Nf5 24. Rhd1 Nxd4 25. Rxd4 Bf8 26. Nd6+ Bxd6 27.
exd6 Rxg3 28. hxg3 O-O-O 29. d7+ Kb8 30. Qxf7 Qb6 31. Qf4+ Ka7 32. Qd6 Qxd6 33.
Rxd6 Kb7 34. Kd1 Kc7 35. Rd2 a5 36. Ke2 a4 37. bxa4 bxa4 38. Ke3 1-0

[Event "ONJK 2018 A"]
[Site "Borne, Netherlands"]
[Date "2018.08.10"]
[Round "7.6"]
[White "Bosma, Jan"]
[Black "Roebers, Eline"]
[Result "1/2-1/2"]
[WhiteElo "1699"]
[BlackElo "1857"]
[PlyCount "96"]
[EventDate "2018.??.??"]

1. d4 Nf6 2. c4 g6 3. g3 Bg7 4. Bg2 O-O 5. Nc3 d6 6. Nf3 Nc6 7. O-O e5 8. dxe5
dxe5 9. Bg5 Qxd1 10. Raxd1 h6 11. Be3 Be6 12. Nd5 e4 13. Nxf6+ Bxf6 14. Nd2
Bxb2 15. Bxh6 Rfd8 16. Nxe4 Bxc4 17. Rb1 Be5 18. Rfe1 Bxa2 19. Rxb7 Rdb8 20.
Nc5 Rxb7 21. Bxc6 Rbb8 22. Nd7 Bd4 23. Bf4 Bb6 24. Ra1 Bc4 25. Nxb6 cxb6 26.
Bxb8 Rxb8 27. Rxa7 b5 28. Kf1 b4 29. Ra8 Rxa8 30. Bxa8 f5 31. Ke1 Kf7 32. e4
Kf6 33. f4 fxe4 34. Bxe4 Be6 35. Kd2 g5 36. fxg5+ Kxg5 37. Kc2 Bc4 38. Bd3 Bd5
39. Be2 Kf5 40. Kb2 Ke4 41. Bd1 Ke3 42. h4 Kf2 43. g4 Kg3 44. h5 Kh4 45. Bb3
Kxg4 46. h6 Be4 47. Bc2 Kg5 48. h7 Bxh7 1/2-1/2

[Event "ONJK 2018 A"]
[Site "Borne, Netherlands"]
[Date "2018.08.10"]
[Round "7.7"]
[White "Van Malder, Dries"]
[Black "Lahouel, Kim-Luca"]
[Result "1/2-1/2"]
[WhiteElo "2126"]
[BlackElo "1894"]
[PlyCount "71"]
[EventDate "2018.??.??"]

1. d4 d5 2. c4 e5 3. dxe5 d4 4. Nf3 Nc6 5. a3 Nge7 6. b4 Ng6 7. Bb2 Bg4 8. Nxd4
Ngxe5 9. Nxc6 Qxd1+ 10. Kxd1 Nxc6 11. Nd2 a5 12. b5 Nb8 13. h3 Be6 14. g3 Nd7
15. Bg2 O-O-O 16. Rc1 Nb6 17. Kc2 Bxc4 18. Nxc4 Nxc4 19. Rcd1 Nxa3+ 20. Bxa3
Bxa3 21. Kb3 Bc5 22. e3 Rd6 23. Rxd6 Bxd6 24. Rd1 Re8 25. Kc4 Re5 26. Rd5 Rxd5
27. Bxd5 f6 28. Kd4 a4 29. e4 a3 30. f4 Kd7 31. e5 fxe5+ 32. fxe5 c6 33. bxc6+
bxc6 34. Ba2 Be7 35. g4 Kc7 36. Ke4 1/2-1/2

[Event "ONJK 2018 A"]
[Site "Borne, Netherlands"]
[Date "2018.08.10"]
[Round "7.8"]
[White "De Bock, Thijs"]
[Black "Van Doren, Bas"]
[Result "1-0"]
[WhiteElo "1959"]
[BlackElo "1875"]
[PlyCount "89"]
[EventDate "2018.??.??"]

1. e4 c5 2. Nf3 e6 3. c3 Nf6 4. e5 Nd5 5. d4 cxd4 6. cxd4 d6 7. Bc4 Nc6 8. O-O
Be7 9. Qe2 O-O 10. Qe4 Ndb4 11. exd6 Qxd6 12. Bf4 f5 13. Qe3 Qd7 14. Qd2 Nd5
15. Nc3 Bf6 16. Rad1 Rd8 17. Rfe1 b6 18. Bg5 Qf7 19. Ne5 Nxe5 20. dxe5 Bxg5 21.
Qxg5 Bb7 22. Nxd5 Bxd5 23. Bxd5 Rxd5 24. Rxd5 exd5 25. e6 Qg6 26. Qd2 Re8 27.
Qxd5 Kf8 28. Re5 Ke7 29. Rxf5 Rd8 30. Rf7+ Qxf7 31. Qxd8+ Kxe6 32. Qd3 Qc7 33.
Qe3+ Kd5 34. Qd2+ Ke4 35. g3 g6 36. Kg2 Qc5 37. h4 Qf8 38. Qe3+ Kd5 39. Qf3+
Qxf3+ 40. Kxf3 Kd4 41. Kf4 Kd3 42. Kg5 b5 43. Kh6 b4 44. Kxh7 Kc2 45. b3 1-0

[Event "ONJK 2018 A"]
[Site "Borne, Netherlands"]
[Date "2018.08.10"]
[Round "7.9"]
[White "Muntean, Victor"]
[Black "De Vries, Tobias"]
[Result "0-1"]
[WhiteElo "1929"]
[BlackElo "1775"]
[PlyCount "108"]
[EventDate "2018.??.??"]

1. e4 c5 2. c3 g6 3. Nf3 Bg7 4. d4 cxd4 5. cxd4 d5 6. e5 Nc6 7. Nc3 a6 8. a3
Bg4 9. Be2 Bxf3 10. Bxf3 e6 11. Be3 b5 12. Rc1 Rc8 13. b4 Qb6 14. Nxd5 exd5 15.
Bxd5 Nge7 16. Bxf7+ Kxf7 17. d5 Qd8 18. e6+ Ke8 19. d6 Ne5 20. Rxc8 Nxc8 21.
Bc5 Nxd6 22. Bxd6 Nc4 23. Bc5 Qxd1+ 24. Kxd1 Bf8 25. e7 Bg7 26. h4 Kf7 27. Rh3
Ne5 28. Bd4 Re8 29. Re3 Nc6 30. Bxg7 Kxg7 31. Re6 Nb8 32. Rb6 Kf7 33. g3 Kxe7
34. Rb7+ Nd7 35. Ra7 Rf8 36. Rxa6 Rxf2 37. h5 Rf6 38. Ra5 Rb6 39. hxg6 hxg6 40.
Ke2 Ne5 41. Ra7+ Kf6 42. a4 bxa4 43. Rxa4 Nc6 44. Kf3 Nxb4 45. Ra5 Nc6 46. Rc5
Ne5+ 47. Kg2 g5 48. Rc8 Rb2+ 49. Kf1 Kf5 50. Re8 Rc2 51. Kg1 Nf3+ 52. Kf1 Kg4
53. Re4+ Kh3 54. Re3 Kxg3 0-1

[Event "ONJK 2018 A"]
[Site "Borne, Netherlands"]
[Date "2018.08.10"]
[Round "7.10"]
[White "Verheyen, Olivier"]
[Black "Baselmans, Luuk"]
[Result "1/2-1/2"]
[WhiteElo "2010"]
[BlackElo "2100"]
[PlyCount "75"]
[EventDate "2018.??.??"]

1. e4 e6 2. d4 d5 3. Nd2 Nf6 4. e5 Nfd7 5. Bd3 c5 6. c3 Nc6 7. Ne2 cxd4 8. cxd4
f6 9. exf6 Nxf6 10. Nf3 Bd6 11. O-O O-O 12. Bf4 Nh5 13. Bxd6 Qxd6 14. Qc2 Nf6
15. Rac1 Nb4 16. Qb3 Nxd3 17. Qxd3 Bd7 18. Ne5 Qb6 19. Nc3 Be8 20. Rfe1 Rc8 21.
Qd2 Rc7 22. Re3 Nd7 23. Rce1 Nxe5 24. Rxe5 Bd7 25. g3 Rc4 26. Rd1 Qc7 27. Qe3
b5 28. Ne2 Rc2 29. Rd2 Rc8 30. Nf4 Rxd2 31. Qxd2 Qc1+ 32. Qxc1 Rxc1+ 33. Kg2
Kf7 34. Re2 Rc4 35. Rd2 Kf6 36. a3 a5 37. Kf3 g5 38. Ng2 1/2-1/2

[Event "ONJK 2018 A"]
[Site "Borne, Netherlands"]
[Date "2018.08.10"]
[Round "7.11"]
[White "Godde, Matthias"]
[Black "Hofstra, Tijmen"]
[Result "1-0"]
[WhiteElo "2020"]
[BlackElo "1611"]
[PlyCount "81"]
[EventDate "2018.??.??"]

1. e4 e5 2. Nf3 Nc6 3. Bb5 a6 4. Ba4 Nf6 5. O-O d6 6. Re1 Be7 7. c3 b5 8. Bb3
O-O 9. d4 Bg4 10. Bd5 Qe8 11. h3 Bxf3 12. Qxf3 exd4 13. Bxc6 Qxc6 14. cxd4 Qb6
15. Be3 c5 16. Rd1 Qc7 17. Nc3 b4 18. Ne2 Nd7 19. Ng3 Rfe8 20. Nf5 c4 21. Qg3
Bf8 22. Bf4 Re6 23. Nh6+ Kh8 24. Nxf7+ Kg8 25. Ng5 Rg6 26. Qe3 Qb6 27. Rac1 Rc8
28. Qe2 Qb5 29. Nf3 Nb6 30. d5 c3 31. Qxb5 axb5 32. Nd4 Na4 33. bxc3 bxc3 34.
Nxb5 Rc5 35. Rd4 Rxb5 36. Rxa4 Rc5 37. Rc2 Rf6 38. Be3 Rc8 39. Ra3 Rc4 40. f3
Rf7 41. Rcxc3 1-0

[Event "ONJK 2018 A"]
[Site "Borne, Netherlands"]
[Date "2018.08.10"]
[Round "7.12"]
[White "Merkon, Oseb"]
[Black "Carpentier, Jannes"]
[Result "1-0"]
[WhiteElo "1803"]
[BlackElo "1937"]
[PlyCount "87"]
[EventDate "2018.??.??"]

1. c4 b6 2. Nc3 Bb7 3. e4 e6 4. g3 c5 5. Bg2 Nc6 6. d3 a6 7. f4 g6 8. Nf3 Bg7
9. O-O Nge7 10. Nh4 f5 11. e5 Qc7 12. Nf3 d6 13. Ng5 Bc8 14. exd6 Qxd6 15. Re1
h6 16. Nf3 O-O 17. Ne5 Bb7 18. Na4 Nxe5 19. Bxb7 Ng4 20. Qe2 Qd4+ 21. Kg2 Rab8
22. Bf3 e5 23. h3 Nf6 24. fxe5 Nd7 25. e6 Ne5 26. Bf4 Nxd3 27. Bxb8 Nxe1+ 28.
Rxe1 Rxb8 29. Rd1 Qf6 30. Rd6 f4 31. Nc3 fxg3 32. Nd5 Qg5 33. Nxe7+ Qxe7 34.
Rd7 Qf6 35. Bd5 Re8 36. Rf7 Qg5 37. e7 Kh7 38. Bc6 Rxe7 39. Rxe7 Qf6 40. Bd5 b5
41. Re8 Bf8 42. Qf3 Qxb2+ 43. Re2 Qg7 44. Qf7 1-0

[Event "ONJK 2018 A"]
[Site "Borne, Netherlands"]
[Date "2018.08.10"]
[Round "8.1"]
[White "Ortmeier, Leonhard"]
[Black "Maerevoet, Sim"]
[Result "1/2-1/2"]
[WhiteElo "2080"]
[BlackElo "2114"]
[PlyCount "25"]
[EventDate "2018.??.??"]

1. e4 c5 2. Nf3 d6 3. Bb5+ Nc6 4. O-O Bd7 5. Re1 a6 6. Bf1 Nf6 7. c3 Bg4 8. d4
cxd4 9. cxd4 d5 10. e5 Nd7 11. Nc3 e6 12. Be3 b5 13. h3 1/2-1/2

[Event "ONJK 2018 A"]
[Site "Borne, Netherlands"]
[Date "2018.08.10"]
[Round "8.3"]
[White "Dauw, Sterre"]
[Black "Duson, Robin"]
[Result "1-0"]
[WhiteElo "2192"]
[BlackElo "2022"]
[PlyCount "57"]
[EventDate "2018.??.??"]

1. e4 c5 2. Nf3 e6 3. d4 cxd4 4. Nxd4 Nc6 5. Nc3 Qc7 6. Be2 a6 7. Qd3 Nf6 8.
Nxc6 bxc6 9. Qg3 Qxg3 10. hxg3 d5 11. e5 Nd7 12. f4 a5 13. Be3 Ba6 14. Bf3 Rb8
15. O-O-O c5 16. Bf2 Be7 17. g4 g5 18. g3 f6 19. exf6 Bxf6 20. Rhe1 Kf7 21. f5
Ne5 22. fxe6+ Kg7 23. Bxd5 Nxg4 24. Bxc5 Rhc8 25. Bd4 Rb4 26. Bxf6+ Nxf6 27.
Bb3 h5 28. Re5 g4 29. Rxa5 1-0

[Event "ONJK 2018 A"]
[Site "Borne, Netherlands"]
[Date "2018.08.10"]
[Round "8.4"]
[White "Hilwerda, Jonas"]
[Black "De Bock, Thijs"]
[Result "1-0"]
[WhiteElo "2124"]
[BlackElo "1959"]
[PlyCount "57"]
[EventDate "2018.??.??"]

1. e4 c5 2. Nf3 d6 3. d4 cxd4 4. Nxd4 Nf6 5. Nc3 g6 6. Be3 Bg7 7. f3 O-O 8. Qd2
Nc6 9. O-O-O d5 10. Nxc6 bxc6 11. Bh6 Be6 12. Bxg7 Kxg7 13. e5 Nd7 14. h4 Nxe5
15. h5 Rh8 16. h6+ Kf8 17. Re1 Qd6 18. Qd4 f6 19. f4 Ng4 20. Na4 Bf5 21. Bd3
Bxd3 22. cxd3 Rb8 23. Nc5 a5 24. Re6 Qc7 25. Rxf6+ Ke8 26. Rxc6 e5 27. Qxd5 Rd8
28. Qe6+ Qe7 29. Qxg4 1-0